Palindromy - Statystyki

Ogólne statystyki
  • Ten quiz został rozwiązany 88 razy
  • Średni wynik to 19 z 30
Statystyki odpowiedzi
Hint Odpowiedź % Poprawnych
Niewielka łódź; używa się do niej wiosła Kajak
99%
Odmiana papugi Ara
88%
Imię budowniczego z bajki dla dzieci Bob
88%
Rodzaj damskiej fryzury Kok
86%
Okrągłe, masz je dwa (podaj l. poj.) Oko
86%
Np. wjazdu Zakaz
85%
Rodzaj muzyki rozrywkowej Pop
82%
Choroba polegająca na nierównoległym ustawieniu gałek ocznych Zez
82%
Aktor nie używający słów Mim
81%
Gatunek humorystycznej wypowiedzi internetowej, komunikat obrazkowy Mem
72%
Szwedzki zespół muzyczny Abba
71%
Urządzenie zdolne do wykrywania różnego rodzaju obiektów w przestrzeni z pomocą fal radiowych Radar
68%
Dajemy go dużo na ziemniaki czy do hot doga Sos
68%
Roślina o mięsistych strąkach i jadalnych nasionach Bób
67%
Można go osiągnąć/„wbić” w grze np.5 czy 17 (z ang.) Level
67%
Imię żeńskie (zdrobnienie) Ada|Ala|Aga
65%
Imię żeńskie (pełne) Anna
65%
Nazwa platformy internetowej (jak np. olx czy allegro), na której sprzedaje się samochody Otomoto
64%
„To taka wielka bakteria” słyszymy Zaraz
60%
Np. szwedzki Potop
58%
Onomatopeja, mówimy to gdy wyrażamy zachwyt Wow
56%
Forma przekazu wiadomości Sms
54%
Wyrazy wpisane kolejno utworzą palindrom (złożony z dwóch słów) 1. imię męskie 2.powolne zwierzę (mięczak) Kamil ślimak
53%
Sformułowanie, którego używamy gdy chcemy grzecznie zwrócić się do kobiety, inaczej szanowna pani (z ang.) Madam
53%
Imię niemieckiego polityka, premiera Prus, kanclerza Rzeszy zwanego Żelaznym Kanclerzem Otto
53%
Skrót od nazwy popularnej gry sieciowej Lol
49%
Mają dużo witamin, mama każe je jeść zamiast słodyczy (podaj od definicji szukanego słowa PRZYSŁÓWEK) Owocowo
38%
Inaczej (niezbyt ładnie) o ubikacji Sedes
31%
Pogrubione definicje zastąp słowem; w taki sposób powstanie palindrom złożony z czterech słów (w odpowiedzi wpisz cały palindrom): Raz (INACZEJ DIABEŁ), raz (INACZEJ ZAKLĘCIE) Raz czart raz czar
17%
Wyrazy wpisane po kolei utworzą palindrom (złożony z czterech słów) 1.Jedna z kart do gry 2. Synonim słowa dystansować się; kiedy nie chcemy by ktoś nas zobaczył (słowo podaj w 3.os.l.poj) 3. Miejsce rozrywki, w którym lecą filmy (odpowiedź podaj w dopełniaczu l.mn.) 4.Skrót państwa, które pierwsze uchwaliło Konstytucję na świecie As unika kin USA
14%
Nie znaleziono quizów pasujących do podanych kryteriów
Rozkład punktacji
Procent ludzi z każdym wynikiem
Percentyl według liczby udzielonych odpowiedzi
Twoja historia wyników
Nie rozwiązałeś tego quizu